[Event "Druzynowe Mistrzostwa Polski Juniorow - I Liga Juniorow 2019"]
[Site "Ustron"]
[Date "1899-12-30"]
[Round "1.24"]
[White "Slusarczyk, Milena"]
[Black "Kieca, Aleksandra"]
[Result "0-1"]
[WhiteTitle "I+"]
[BlackTitle "I"]
[WhiteElo "1522"]
[BlackElo "1516"]

1. d4 d5 2. c4 e6 3. Nc3 a6 4. cxd5 exd5 5. Bf4 Nf6 6. e3 Be7 7. Bd3 Nbd7 8. Nge2
b6 9. O-O Bb7 10. f3 c5 11. Bc2 O-O 12. Kh1 Re8 13. Ng3 Nf8 14. Qd2 Ne6 15. Nce2
Nxf4 16. Nxf4 Bf8 17. Rae1 Bc6 18. Nd3 a5 19. a3 Bb5 20. Rf2 Qc7 21. Ne5 Bd6 22.
f4 Qb7 23. Nf5 Bf8 24. Rf3 Ne4 25. Bxe4 dxe4 26. Rg3 g6 27. Nh4 Be7 28. Nf5 Bf8
29. Qd1 Kh8 30. Qg4 Ra7 31. Qh4 Bg7 32. Nd6 Qa6 33. Nxe8 Bxe8 34. Rh3 h6 35. Qf2
Qc8 36. Rc1 f6 37. Nc4 cxd4 38. Qe1 Rc7 39. exd4 Rxc4 40. Rhc3 Rxc3 41. bxc3 f5
42. Qd2 Qe6 43. d5 Qd6 44. c4 Qxa3 45. d6 Bd7 46. h3 Qc5 47. Qd5 a4 48. Rb1 a3
49. Qxc5 bxc5 50. Rb7 a2 51. Rxd7 a1=Q+ 52. Kh2 Qd4 53. Rd8+ Kh7 54. d7 e3 0-1

[Event "Druzynowe Mistrzostwa Polski Juniorow - I Liga Juniorow 2019"]
[Site "Ustron"]
[Date "1899-12-30"]
[Round "1.25"]
[White "Krych, Dominik"]
[Black "Lis, Mateusz"]
[Result "0-1"]
[WhiteTitle "III"]
[BlackTitle "k"]
[WhiteElo "1472"]
[BlackElo "2032"]

1. d4 d5 2. Bf4 Nf6 3. e3 c5 4. c3 Nc6 5. Nd2 e6 6. Ngf3 a6 7. Ne5 Bd7 8. Bd3 c4
9. Bc2 b5 10. O-O Be7 11. e4 b4 12. Nxd7 Qxd7 13. e5 Ng8 14. Qg4 g6 15. Bg5 h5
16. Qf4 Bxg5 17. Qxg5 Qe7 18. f4 a5 19. Ba4 Rc8 20. Rac1 Kf8 21. Rc2 Nh6 22. Bxc6
Rxc6 23. Qxe7+ Kxe7 24. b3 Nf5 25. bxc4 Ne3 26. cxd5 exd5 27. Rfc1 Nxc2 28. Rxc2
Rxc3 29. Rxc3 bxc3 30. Nb3 Rb8 0-1

[Event "Druzynowe Mistrzostwa Polski Juniorow - I Liga Juniorow 2019"]
[Site "Ustron"]
[Date "1899-12-30"]
[Round "1.26"]
[White "Bachor, Tomasz"]
[Black "Leskiewicz, Ignacy"]
[Result "0-1"]
[WhiteTitle "I+"]
[BlackTitle "k"]
[WhiteElo "2038"]
[BlackElo "2120"]

1. d4 Nf6 2. c4 g6 3. f3 Bg7 4. e4 d6 5. Nc3 Nbd7 6. Be3 c5 7. Nge2 Qc7 8. d5 Ne5
9. Ng3 h5 10. Be2 a6 11. a4 e6 12. h3 exd5 13. cxd5 h4 14. Nf1 Qa5 15. Nd2 Nh5
16. O-O Ng3 17. Re1 Qb4 18. f4 Qxb2 19. Rc1 Nxe2+ 20. Qxe2 Ng4 21. e5 Nxe3 22.
Qxe3 O-O 23. Nc4 Qb4 24. Nxd6 Rd8 25. Nce4 Bf5 26. Rc4 Qb6 27. Qxc5 Qxc5+ 28.
Nxc5 b5 29. axb5 axb5 30. Rb4 Rxd6 31. exd6 Bc3 32. Rbe4 Bxe4 33. Rxe4 f5 34.
Re6 Bd4+ 35. Kf1 Bxc5 36. d7 Kf7 37. Rc6 Be7 38. Rc8 Ra4 39. d8=Q Rxf4+ 40. Ke2
Bxd8 41. Rxd8 Rd4 42. Ke3 Ke7 43. Rg8 Re4+ 44. Kf3 Kd6 45. Rxg6+ Kxd5 46. Rf6
Ke5 47. Rb6 Rb4 48. Rh6 Rc4 49. Rb6 b4 50. Rb5+ Kd4 51. Rxf5 b3 52. g4 hxg3 53.
Rb5 Kc3 54. Re5 b2 55. Re3+ Kc2 56. Re2+ Kb3 0-1

[Event "Druzynowe Mistrzostwa Polski Juniorow - I Liga Juniorow 2019"]
[Site "Ustron"]
[Date "1899-12-30"]
[Round "1.27"]
[White "Klimkowski, Jan"]
[Black "Karwacki, Piotr"]
[Result "0-1"]
[WhiteTitle "I"]
[BlackTitle "I"]
[WhiteElo "1932"]
[BlackElo "1780"]

1. e4 c5 2. Nf3 Nc6 3. d4 cxd4 4. Nxd4 Nf6 5. Nc3 e5 6. Ndb5 d6 7. Bg5 a6 8. Na3
b5 9. Nd5 Be7 10. Bxf6 Bxf6 11. c3 Bg5 12. Nc2 Rb8 13. a4 bxa4 14. Ncb4 Nxb4 15.
cxb4 O-O 16. h4 Bh6 17. Qxa4 Bd7 18. Qb3 a5 19. b5 Be6 20. Bc4 Bxd5 21. Bxd5 Qb6
22. Bc4 Qd4 23. O-O Qxe4 24. Rxa5 Qxh4 25. Ra7 Qf4 26. Rd7 e4 27. Rd1 e3 28. fxe3
Qg3 29. Re7 Rbe8 30. Bxf7+ Kh8 31. Rxe8 Rxe8 32. Qc4 Bxe3+ 33. Kh1 Bf4 34. Qxf4
Qxf4 35. Bxe8 Qh6+ 0-1

[Event "Druzynowe Mistrzostwa Polski Juniorow - I Liga Juniorow 2019"]
[Site "Ustron"]
[Date "1899-12-30"]
[Round "1.28"]
[White "Wierzbicki, Dawid"]
[Black "Paprocki, Antoni"]
[Result "1-0"]
[WhiteTitle "I"]
[BlackTitle "I"]
[WhiteElo "1640"]
[BlackElo "1704"]

1. e4 c5 2. Nf3 d6 3. d4 cxd4 4. Qxd4 a6 5. c4 Nc6 6. Qe3 g6 7. Be2 Bg7 8. O-O
Nf6 9. Rd1 O-O 10. Nc3 Nd7 11. Qf4 Nc5 12. Qh4 Ne6 13. Nd5 Rb8 14. a4 f5 15. e5
dxe5 16. Ng5 Nxg5 17. Bxg5 Qe8 18. Nxe7+ Kh8 19. Nxc6 bxc6 20. b4 Be6 21. b5 cxb5
22. cxb5 e4 23. Ra3 axb5 24. Bxb5 Rxb5 25. axb5 Qxb5 26. Ra7 Qe2 27. Rc1 h5 28.
Qf4 Rf7 29. Rxf7 Bxf7 30. h3 Qb2 31. Qc7 Bg8 32. Qd6 Bf7 33. Qe7 Qb3 34. Bf6 Kh7
35. Rc7 Kg8 36. Rc8+ Kh7 37. Bxg7 Kxg7 38. Qe5+ Kh6 39. Rh8+ Kg5 40. Kh2 Bd5 41.
h4+ Kg4 42. f3+ 1-0

[Event "Druzynowe Mistrzostwa Polski Juniorow - I Liga Juniorow 2019"]
[Site "Ustron"]
[Date "1899-12-30"]
[Round "1.29"]
[White "Waligora, Julia"]
[Black "Furtak, Joanna"]
[Result "0-1"]
[WhiteTitle "I"]
[BlackTitle "k"]
[WhiteElo "1558"]
[BlackElo "1879"]

1. e4 e5 2. Nf3 Nc6 3. d4 exd4 4. Bc4 Nf6 5. e5 d5 6. Bb5 Ne4 7. O-O Bd7 8. Bxc6
bxc6 9. Nxd4 Bc5 10. Be3 Bb6 11. f3 Ng5 12. f4 Ne4 13. Nd2 c5 14. N4f3 Nxd2 15.
Qxd2 d4 16. Bf2 Bc6 17. Bh4 Qd7 18. Kh1 O-O 19. Rad1 Qg4 20. h3 Qh5 21. Bg3 Rae8
22. Rde1 Bb5 23. Rg1 c4 24. Bf2 c3 25. Qd1 Bc6 26. bxc3 dxc3 27. Bxb6 axb6 28.
Re3 Rd8 29. Qe1 Qf5 30. Rxc3 Bxf3 31. Rxf3 Qxc2 32. Rc3 Qxa2 33. Rxc7 Rd3 34.
Qh4 Qd5 35. Re1 Re8 36. Qg4 h6 37. Rec1 Re6 38. Rc8+ Kh7 39. Qf5+ Rg6 40. Rg1
Rd1 41. Rc2 Rd4 42. Rb2 Qe6 43. Qxe6 Rxe6 44. Rf1 h5 45. Rb5 h4 46. f5 Rc6 47.
Re1 Kg8 48. e6 Kf8 49. e7+ Ke8 50. Rbe5 Rc5 51. Kg1 Rxe5 52. Rxe5 f6 53. Re6 b5
54. Rb6 Rd5 55. Rb7 Rxf5 56. Kh2 Re5 57. Kg1 Rxe7 58. Rxb5 Re2 59. Rb7 Kf8 60.
Rb4 g5 61. Rb7 Re7 62. Rb6 Kf7 63. Kf2 Re4 64. g3 hxg3+ 65. Kxg3 Kg6 66. Kf3 Rf4+
67. Kg3 Rc4 68. Rb3 Rf4 69. Rb6 Rf1 70. Kg2 Rf5 71. Kg3 Kh5 72. Rb8 Ra5 73. Rb3
f5 74. Rb4 f4+ 75. Kg2 Ra2+ 76. Kf3 Ra3+ 77. Kg2 Kh4 78. Rb8 Rg3+ 79. Kf2 Rxh3
80. Rh8+ Kg4 81. Rf8 Rh2+ 82. Kg1 Ra2 83. Rb8 Kg3 84. Rb1 f3 85. Kf1 Rh2 86. Kg1
f2+ 87. Kf1 Rh1+ 88. Ke2 Rxb1 0-1

[Event "Druzynowe Mistrzostwa Polski Juniorow - I Liga Juniorow 2019"]
[Site "Ustron"]
[Date "1899-12-30"]
[Round "2.1"]
[White "Fus, Jakub"]
[Black "Lis, Mateusz"]
[Result "1-0"]
[WhiteTitle "FM"]
[BlackTitle "k"]
[WhiteElo "2341"]
[BlackElo "2032"]

1. d4 d5 2. c4 e6 3. Nc3 Nf6 4. cxd5 exd5 5. Bg5 c6 6. e3 Be6 7. Bd3 Nbd7 8. h3
Bd6 9. Nge2 h6 10. Bf4 Qe7 11. Qc2 Nb6 12. Bxd6 Qxd6 13. O-O-O O-O-O 14. Kb1 Kb8
15. Ka1 Rc8 16. Rc1 Rhd8 17. Rhd1 Qe7 18. Na4 Nxa4 19. Qxa4 Nd7 20. Rc3 Nb6 21.
Qc2 Rc7 22. Rc1 Rdc8 23. Qd1 Qd6 24. Nf4 Bd7 25. Be2 Bf5 26. Nd3 Bxd3 27. Qxd3
g6 28. Bg4 f5 29. Bf3 Rf8 30. R3c2 Rcf7 31. g3 h5 32. h4 Nd7 33. Qd1 Nf6 34. Be2
Ne4 35. Bd3 Qe6 36. Qf3 Ka8 37. Qf4 Nf6 38. b4 Rc8 39. b5 Rfc7 40. Qe5 Qxe5 41.
dxe5 Nd7 42. bxc6 Rxc6 43. f4 Nf8 44. Kb1 Rb6+ 45. Rb2 Rcc6 46. Bb5 Rxc1+ 47.
Kxc1 Kb8 48. Be8 Kc7 49. Bf7 Rxb2 50. Kxb2 Kc6 51. Kc3 Kc5 52. Kd3 b6 53. Kd2
a6 54. Kd3 b5 55. Kc3 a5 56. Kb3 a4+ 57. Ka3 Nd7 58. Bxg6 Nb6 59. Kb2 Nc4+ 60.
Kb1 b4 61. Bxf5 b3 62. axb3 axb3 63. Bd3 Kb4 64. Bxc4 dxc4 65. e6 1-0

[Event "Druzynowe Mistrzostwa Polski Juniorow - I Liga Juniorow 2019"]
[Site "Ustron"]
[Date "1899-12-30"]
[Round "2.2"]
[White "Bachor, Tomasz"]
[Black "Baum, Jonasz"]
[Result "0-1"]
[WhiteTitle "I+"]
[BlackTitle "FM"]
[WhiteElo "2038"]
[BlackElo "2295"]

1. e4 c6 2. d4 d5 3. Nc3 dxe4 4. Nxe4 Bf5 5. Ng3 Bg6 6. Bc4 e6 7. N1e2 Bd6 8. O-O
Qc7 9. f4 Ne7 10. Nc3 Nd7 11. Nce4 Nf6 12. Nxd6+ Qxd6 13. c3 h5 14. h4 Nf5 15.
Nxf5 Bxf5 16. a4 Rh6 17. b4 Kf8 18. Qe1 Rg6 19. Ra2 Kg8 20. Re2 Qd7 21. Re3 b5
22. axb5 cxb5 23. Be2 Rc8 24. Re5 a6 25. Bf3 Bg4 26. Rc5 Bxf3 27. Rxf3 Rxc5 28.
dxc5 Qc6 29. Qe3 Ne4 30. Qd3 f5 31. Qd8+ Kh7 32. Qd3 a5 33. Ba3 a4 34. Kh2 Rg4
35. g3 Nd2 36. Rf2 Nc4 37. Bc1 Rg6 38. Qe2 Kh6 39. Be3 Rf6 40. Bd4 Rf7 41. Qe1
Kg6 42. Re2 Re7 43. Ra2 Kf7 44. Re2 g6 45. Qf2 Re8 46. Kg1 a3 47. Kh2 Ra8 48.
Be5 Qd5 49. Bd4 Nb2 50. c4 Nxc4 51. Ba1 Rd8 52. Qe1 Nd2 53. Qf2 Nf3+ 54. Kh3 Ng5+
55. Kh2 Ne4 56. Qg2 Qd1 57. Be5 Rd3 58. Ra2 Rxg3 59. Qxg3 Nxg3 60. Kxg3 Qb3+ 0-1

[Event "Druzynowe Mistrzostwa Polski Juniorow - I Liga Juniorow 2019"]
[Site "Ustron"]
[Date "1899-12-30"]
[Round "2.3"]
[White "Janeczko, Jakub"]
[Black "Karwacki, Piotr"]
[Result "0-1"]
[WhiteTitle "I"]
[BlackTitle "I"]
[WhiteElo "1725"]
[BlackElo "1780"]

1. e4 c5 2. Nf3 Nc6 3. d4 cxd4 4. Nxd4 Nf6 5. Nc3 e5 6. Ndb5 d6 7. Bg5 a6 8. Na3
b5 9. Nd5 Be7 10. Bxf6 Bxf6 11. c3 Bg5 12. Nc2 Ne7 13. Nce3 O-O 14. Nxe7+ Qxe7
15. Nd5 Qb7 16. h4 Bd8 17. Bd3 f5 18. Qe2 Be6 19. Nb4 a5 20. Nc2 fxe4 21. Bxe4
d5 22. Bf3 e4 23. Bg4 Bxg4 24. Qxg4 Bb6 25. O-O-O Bxf2 26. Qe6+ Qf7 27. Qxf7+
Rxf7 28. Rxd5 Re8 29. Rxb5 e3 30. Rxa5 e2 31. a4 Bb6 32. Kd2 Bxa5 33. Re1 Rd7+
34. Nd4 Rxd4+ 0-1

[Event "Druzynowe Mistrzostwa Polski Juniorow - I Liga Juniorow 2019"]
[Site "Ustron"]
[Date "1899-12-30"]
[Round "2.4"]
[White "Wierzbicki, Dawid"]
[Black "Pancewicz, Szymon"]
[Result "1/2-1/2"]
[WhiteTitle "I"]
[BlackTitle "I+"]
[WhiteElo "1640"]
[BlackElo "1724"]

1. e4 c5 2. Nf3 Nc6 3. Bb5 e6 4. O-O Nge7 5. c3 a6 6. Ba4 b5 7. Bc2 Bb7 8. d4 cxd4
9. Nxd4 Ng6 10. Be3 Be7 11. f4 O-O 12. Qh5 f6 13. Rf3 Rf7 14. Rh3 Nf8 15. f5 Qc8
16. fxe6 dxe6 17. Nd2 Ne5 18. Rf1 b4 19. Bb3 g6 20. Qe2 bxc3 21. bxc3 a5 22. a4
Ba6 23. c4 Bc5 24. Nb5 Nfd7 25. Rg3 Bxe3+ 26. Rxe3 Qc5 27. Kh1 Rd8 28. Nf3 Nxf3
29. Rexf3 Kg7 30. Rd3 Rb8 31. Rfd1 Ne5 32. Rd6 Bc8 33. h3 Rd7 34. Rxd7+ Bxd7 35.
Qd2 Qb6 36. Qc3 Rc8 37. Qd2 Rc6 38. Ba2 Rc8 39. Kh2 Qb8 40. Kh1 Qb6 41. Qb2 Qe3
42. Nd6 Rc6 43. Qd2 Qa3 44. Nb5 Qxa4 45. Rf1 Qb4 46. Qf4 Qe7 47. Nd4 Rb6 48. Qf2
Rb4 49. Qe2 Qc5 50. Qf2 Qe7 51. Qe2 a4 52. Nf3 Nxf3 53. Qxf3 Rb2 54. Rf2 Rxf2
55. Qxf2 Bc6 56. Qe3 Qb7 57. e5 Qb2 58. exf6+ Kf7 59. Qg3 Bb7 60. c5 Qxa2 61.
Qc7+ Kxf6 62. Qf4+ Kg7 63. Qc7+ Kh6 64. Qf4+ Kg7 65. Qc7+ Kh6 66. Qf4+ Kg7 1/2-1/2

[Event "Druzynowe Mistrzostwa Polski Juniorow - I Liga Juniorow 2019"]
[Site "Ustron"]
[Date "1899-12-30"]
[Round "2.5"]
[White "Tarka, Aleksandra"]
[Black "Furtak, Joanna"]
[Result "0-1"]
[WhiteTitle "I++"]
[BlackTitle "k"]
[WhiteElo "1574"]
[BlackElo "1879"]

1. e4 e5 2. Nf3 Nc6 3. Bc4 Bc5 4. d3 d6 5. Bg5 Nf6 6. Nc3 Be6 7. Bxf6 Qxf6 8. Nd5
Qd8 9. c3 a6 10. d4 Ba7 11. dxe5 dxe5 12. Qe2 h6 13. Rd1 Qb8 14. b4 Nd8 15. Bb3
c6 16. Ne3 Bxb3 17. axb3 Bxe3 18. Qxe3 O-O 19. Qc5 b6 20. Qd6 Re8 21. Ke2 a5 22.
Qxb8 Rxb8 23. Rd6 axb4 24. cxb4 c5 25. bxc5 bxc5 26. Rd5 Ne6 27. Rxe5 Rxb3 28.
Rd1 Ra8 29. Nd2 Ra2 30. Ke1 Rbb2 31. g3 Nd4 32. Re8+ Kh7 33. Rd8 Rc2 34. Rd5 Nb5
35. Rd3 Nc3 36. Rxc3 Rxc3 37. Nf1 Rcc2 38. Rd2 Kg6 39. f4 Kf6 40. Ke2 Rxd2+ 41.
Nxd2 c4 42. Ke3 Ra3+ 0-1

[Event "Druzynowe Mistrzostwa Polski Juniorow - I Liga Juniorow 2019"]
[Site "Ustron"]
[Date "1899-12-30"]
[Round "2.6"]
[White "Mroz, Lena"]
[Black "Rejniak, Zuzanna"]
[Result "1/2-1/2"]
[WhiteTitle "I++"]
[BlackTitle "k"]
[WhiteElo "1570"]
[BlackElo "1808"]

1. e4 c6 2. d4 d5 3. Nc3 dxe4 4. Nxe4 Bf5 5. Ng3 Bg6 6. N1e2 Nf6 7. Nf4 e5 8. Nxg6
hxg6 9. dxe5 Qa5+ 10. c3 Qxe5+ 11. Qe2 Qxe2+ 12. Bxe2 Nbd7 13. Bg5 O-O-O 14. O-O-O
Re8 15. h3 Bc5 16. Rhf1 b5 17. Bf3 Ne5 18. Bxf6 gxf6 19. Be4 Kc7 20. Bc2 f5 21.
a4 a5 22. Ne2 Rd8 23. Nd4 b4 24. Bb3 bxc3 25. bxc3 Rhf8 26. f4 Nd7 27. Rfe1 Nf6
28. Kc2 Nd5 29. Bxd5 Rxd5 30. Nb5+ Kb7 31. Rxd5 cxd5 32. Kd3 Rd8 33. Re5 Kc6 34.
Re2 Rb8 35. Re5 Rd8 36. Re2 Rb8 37. Re5 Rd8 38. Re2 Rb8 1/2-1/2

[Event "Druzynowe Mistrzostwa Polski Juniorow - I Liga Juniorow 2019"]
[Site "Ustron"]
[Date "1899-12-30"]
[Round "2.7"]
[White "Szpar, Milosz"]
[Black "Krych, Dominik"]
[Result "1-0"]
[WhiteTitle "FM"]
[BlackTitle "III"]
[WhiteElo "2289"]
[BlackElo "1472"]

1. e4 e5 2. Nf3 Nf6 3. Nxe5 d6 4. Nf3 Nxe4 5. d4 d5 6. Bd3 Nc6 7. O-O Be7 8. c4
Nb4 9. Be2 O-O 10. Nc3 Bf5 11. a3 Nxc3 12. bxc3 Nc6 13. Re1 Re8 14. Be3 Bf6 15.
cxd5 Qxd5 16. c4 Qd7 17. Ra2 Rad8 18. d5 Ne7 19. Qb3 c6 20. Rd2 Qc7 21. d6 Rxd6
22. Bf4 Nc8 23. Rxd6 Nxd6 24. c5 Qa5 25. cxd6 Bg4 26. Bd2 Qh5 27. Qxb7 Qd5 28.
Be3 Qa5 29. Rd1 1-0

[Event "Druzynowe Mistrzostwa Polski Juniorow - I Liga Juniorow 2019"]
[Site "Ustron"]
[Date "1899-12-30"]
[Round "2.8"]
[White "Leskiewicz, Ignacy"]
[Black "Redzisz, Michal"]
[Result "1-0"]
[WhiteTitle "k"]
[BlackTitle "k"]
[WhiteElo "2120"]
[BlackElo "2054"]

1. e4 c6 2. d4 d5 3. exd5 cxd5 4. c4 Nf6 5. Nc3 e6 6. c5 Be7 7. Nf3 O-O 8. Bd3
b6 9. b4 a5 10. Na4 Nbd7 11. a3 axb4 12. axb4 bxc5 13. bxc5 Ne4 14. O-O e5 15.
c6 Nb6 16. Bxe4 dxe4 17. Nxe5 f6 18. Qb3+ Qd5 19. Qxb6 fxe5 20. Nc3 Qc4 21. Rxa8
Qxc3 22. Qc7 1-0

[Event "Druzynowe Mistrzostwa Polski Juniorow - I Liga Juniorow 2019"]
[Site "Ustron"]
[Date "1899-12-30"]
[Round "2.9"]
[White "Poltorak, Sebastian"]
[Black "Klimkowski, Jan"]
[Result "1/2-1/2"]
[WhiteTitle "I++"]
[BlackTitle "I"]
[WhiteElo "2068"]
[BlackElo "1932"]

1. d4 Nf6 2. c4 g6 3. Nc3 Bg7 4. e4 d6 5. f3 O-O 6. Nge2 a6 7. Be3 Nbd7 8. Qd2
c5 9. Rd1 b6 10. g4 Bb7 11. Ng3 Qc7 12. Be2 Rfd8 13. g5 Ne8 14. d5 e6 15. h4 exd5
16. Nxd5 Bxd5 17. cxd5 c4 18. Rc1 b5 19. h5 Rac8 20. Kf2 Nc5 21. Rh2 Qe7 22. hxg6
hxg6 23. Rch1 Qe5 24. Rb1 Rc7 25. Bxc5 Rxc5 26. f4 Qd4+ 27. Qxd4 Bxd4+ 28. Kf3
c3 29. bxc3 Rxc3+ 30. Kg4 Rdc8 31. Rbh1 Kf8 32. Nf1 Ng7 33. Rh8+ Ke7 34. Rxc8
Rxc8 35. Ng3 Rc2 36. Bd3 Rd2 37. Bb1 Rg2 38. Kh3 Rf2 39. f5 Ne8 40. Rf1 Nc7 41.
f6+ Kd7 42. Rxf2 Bxf2 43. Ne2 Na8 44. Nf4 Be3 45. Kg4 Bxf4 46. Kxf4 Nb6 47. Bd3
Ke8 48. e5 Nxd5+ 49. Ke4 Nb4 50. Bb1 dxe5 51. Kxe5 Kd7 52. a3 Nc6+ 53. Kd5 Nd8
54. Kc5 Ne6+ 55. Kb6 Nxg5 56. Ba2 Ke8 57. Kxa6 Ne4 58. Bb1 Nxf6 59. Kxb5 Kd7 60.
Kc5 g5 61. Kd4 Ne8 62. Ke5 f6+ 63. Kf5 Ke7 64. a4 Nd6+ 65. Kg4 Nc4 66. Kf5 Na5
67. Ke4 1/2-1/2

[Event "Druzynowe Mistrzostwa Polski Juniorow - I Liga Juniorow 2019"]
[Site "Ustron"]
[Date "1899-12-30"]
[Round "2.10"]
[White "Paprocki, Antoni"]
[Black "Meers, Hubert"]
[Result "0-1"]
[WhiteTitle "I"]
[BlackTitle "I++"]
[WhiteElo "1704"]
[BlackElo "2072"]

1. e4 c6 2. d4 d5 3. Nc3 dxe4 4. Nxe4 Bf5 5. Ng3 Bg6 6. h4 h6 7. h5 Bh7 8. Nf3
Nd7 9. Bd3 Bxd3 10. Qxd3 e6 11. Bd2 Ngf6 12. O-O-O Be7 13. Ne4 Nxe4 14. Qxe4 Nf6
15. Qd3 O-O 16. Ne5 c5 17. Be3 Qa5 18. Kb1 Rad8 19. c3 Nd5 20. Qc2 Bf6 21. Ng4
cxd4 22. Bxd4 Bxd4 23. Rxd4 Rd6 24. Rh3 Rfd8 25. Rg3 Kf8 26. Rf3 Qb6 27. Kc1 Qa6
28. Ne5 Nb4 29. Rxf7+ Ke8 30. Rxd6 Rxd6 31. cxb4 Qf1+ 0-1

[Event "Druzynowe Mistrzostwa Polski Juniorow - I Liga Juniorow 2019"]
[Site "Ustron"]
[Date "1899-12-30"]
[Round "2.11"]
[White "Leczek, Weronika"]
[Black "Waligora, Julia"]
[Result "1-0"]
[WhiteTitle "k"]
[BlackTitle "I"]
[WhiteElo "1806"]
[BlackElo "1558"]

1. e4 e6 2. d4 d5 3. exd5 exd5 4. Bd3 Nc6 5. c3 Bd6 6. Qf3 Nge7 7. Ne2 Be6 8. Bf4
Ng6 9. Bxd6 Qxd6 10. Nd2 O-O-O 11. O-O Nce7 12. b3 h5 13. h3 Nh4 14. Qf4 Neg6
15. Qxd6 Rxd6 16. Rac1 Kb8 17. c4 c6 18. c5 Rdd8 19. b4 Ne7 20. b5 g5 21. Kh2
Rdg8 22. g3 Nhf5 23. Rb1 Nh6 24. Rb2 f5 25. Rfb1 Bc8 26. Nb3 Nf7 27. Na5 Nd8 28.
Nc3 Kc7 29. Na4 cxb5 30. Bxb5 h4 31. Re1 Rg7 32. Nc3 hxg3+ 33. fxg3 Be6 34. Nxb7
Nxb7 35. Rxe6 Rd8 36. Ba6 Rb8 37. Rxe7+ Rxe7 38. Nxd5+ Kd8 39. Nxe7 Kxe7 40. Rxb7+
Rxb7 41. Bxb7 Kd7 42. d5 Kc7 43. Ba6 f4 44. gxf4 gxf4 45. Bb5 f3 46. d6+ Kd8 47.
c6 a5 48. Ba6 1-0

[Event "Druzynowe Mistrzostwa Polski Juniorow - I Liga Juniorow 2019"]
[Site "Ustron"]
[Date "1899-12-30"]
[Round "2.13"]
[White "Brozyna, Mateusz"]
[Black "Fiedorek, Michal"]
[Result "0-1"]
[WhiteTitle "k"]
[BlackTitle "k"]
[WhiteElo "2252"]
[BlackElo "2158"]

1. e4 c5 2. c4 d6 3. Nc3 Nc6 4. g3 g6 5. Bg2 Bg7 6. Nge2 e6 7. O-O Nge7 8. d3 O-O
9. Be3 Nd4 10. Qd2 Re8 11. Bh6 Bh8 12. h3 Nec6 13. Kh1 a6 14. g4 Rb8 15. f4 f5
16. gxf5 exf5 17. Bg5 Qa5 18. Ng3 Bg7 19. Rae1 Be6 20. Qd1 Kh8 21. a3 Qb6 22.
Rf2 Qc7 23. Nd5 Bxd5 24. cxd5 Na7 25. Ne2 Nab5 26. Nc3 Qa5 27. Nxb5 Qxb5 28. Bh4
Qa5 29. Bg3 Qc7 30. Rff1 b5 31. b4 cxb4 32. axb4 Nc2 33. Re2 Nxb4 34. e5 a5 35.
Rfe1 Qd7 36. exd6 Rxe2 37. Qxe2 Qxd6 38. Qe6 Qxe6 39. dxe6 Bf6 40. e7 Re8 41.
Re6 Kg7 42. Rb6 a4 43. Rxf6 Kxf6 44. Be1 Nxd3 45. Bh4+ Ke6 46. Bf1 a3 0-1

[Event "Druzynowe Mistrzostwa Polski Juniorow - I Liga Juniorow 2019"]
[Site "Ustron"]
[Date "1899-12-30"]
[Round "2.14"]
[White "Hryn, Zofia"]
[Black "Suder, Jakub"]
[Result "0-1"]
[WhiteTitle "I++"]
[BlackTitle "I++"]
[WhiteElo "1622"]
[BlackElo "1989"]

1. e4 c5 2. Nf3 e6 3. d4 cxd4 4. Nxd4 a6 5. c4 Nf6 6. Nc3 d6 7. Bd3 g6 8. O-O Bg7
9. Qa4+ Bd7 10. Qa3 Ng4 11. Ndb5 Bxb5 12. Nxb5 O-O 13. Nxd6 Be5 14. h3 Bh2+ 15.
Kh1 Bxd6 16. Qb3 Nd7 17. Be2 Ngf6 18. Be3 Qc7 19. Bf3 Nc5 20. Qc3 Be5 21. Qc2
Rad8 22. Rad1 Qc6 23. Bh6 Rfe8 24. Rfe1 a5 25. a3 a4 26. Bg5 Kg7 27. Bxf6+ Kxf6
28. h4 Kg7 29. h5 Qb6 30. Qc1 Nd3 31. Qg5 Nxf2+ 0-1

[Event "Druzynowe Mistrzostwa Polski Juniorow - I Liga Juniorow 2019"]
[Site "Ustron"]
[Date "1899-12-30"]
[Round "2.15"]
[White "Dziewonski, Dariusz"]
[Black "Wielgus, Wojciech"]
[Result "1-0"]
[WhiteTitle "I"]
[BlackTitle "I"]
[WhiteElo "1803"]
[BlackElo "1821"]

1. e4 d5 2. exd5 Qxd5 3. Nc3 Qd8 4. d4 Nf6 5. Bf4 c6 6. Bg3 Bg4 7. Be2 Bxe2 8.
Ngxe2 e6 9. a3 Be7 10. O-O O-O 11. Nc1 Nbd7 12. Nb3 Nd5 13. Na4 b6 14. c4 N5f6
15. Nc3 Re8 16. Qf3 Qc8 17. Rac1 Qb7 18. Rfd1 Rac8 19. Nd2 Bf8 20. Nf1 Qa8 21.
Ne3 c5 22. d5 e5 23. Nf5 g6 24. Ne3 a6 25. Re1 Bd6 26. Nf1 Qb8 27. Nd2 Qc7 28.
Rcd1 Kg7 29. h3 Rcd8 30. Bh4 Rc8 31. g4 h6 32. Bxf6+ Nxf6 33. Nde4 Nxe4 34. Nxe4
Qe7 35. Re3 Rb8 36. Rde1 Rb7 37. Qg3 f6 38. Qh2 b5 39. b3 bxc4 40. bxc4 Rb2 41.
Qg3 Rf8 42. R3e2 Rfb8 43. Rxb2 Rxb2 44. Qc3 Rb6 45. Re2 Kf7 46. Rb2 Rxb2 47. Qxb2
Qc7 48. Qb7 Ke7 49. Qxa6 Qb8 50. Qxd6+ Qxd6 51. Nxd6 Kxd6 52. a4 f5 53. a5 h5
54. a6 Kc7 55. d6+ Kxd6 56. a7 hxg4 57. hxg4 fxg4 58. a8=Q g3 59. fxg3 1-0

[Event "Druzynowe Mistrzostwa Polski Juniorow - I Liga Juniorow 2019"]
[Site "Ustron"]
[Date "1899-12-30"]
[Round "2.16"]
[White "Warchol, Kamil"]
[Black "Sobala, Filip"]
[Result "1-0"]
[WhiteTitle "CM"]
[BlackTitle "II"]
[WhiteElo "1639"]
[BlackElo "1421"]

1. e4 e5 2. Nf3 Nc6 3. Bc4 Nf6 4. d3 h6 5. c3 d6 6. Nbd2 g5 7. h3 Bg7 8. Nf1 a6
9. a4 O-O 10. Ng3 Ne7 11. Nh2 Ng6 12. Ng4 Bxg4 13. hxg4 Nf4 14. Bxf4 exf4 15.
Nf5 Kh7 16. Qf3 Ng8 17. Qh3 Qf6 18. O-O Ne7 19. g3 Nxf5 20. gxf5 Rg8 21. Qh5 Raf8
22. Ra3 c6 23. a5 Qe7 24. Kg2 g4 25. gxf4 Qc7 26. Qh2 Qd7 27. Rh1 Qd8 28. Qh4
d5 29. f6 Qxf6 30. Qxf6 Bxf6 31. exd5 c5 32. Rb3 Rb8 33. Rb6 Kg6 34. f3 gxf3+
35. Kxf3 Rh8 36. d4 cxd4 37. Rg1+ Kf5 38. Bd3# 1-0

[Event "Druzynowe Mistrzostwa Polski Juniorow - I Liga Juniorow 2019"]
[Site "Ustron"]
[Date "1899-12-30"]
[Round "2.17"]
[White "Mazanowska, Aniela"]
[Black "Hryn, Aleksandra"]
[Result "0-1"]
[WhiteTitle "II"]
[BlackTitle "I+"]
[WhiteElo "1250"]
[BlackElo "1611"]

1. e4 d5 2. exd5 Qxd5 3. Nc3 Qd8 4. d4 Nf6 5. Nf3 c6 6. Bf4 Bg4 7. Be2 e6 8. O-O
Be7 9. h3 Bf5 10. Bd3 Bxd3 11. Qxd3 Nbd7 12. Rad1 O-O 13. Ne2 Nd5 14. Bd2 Qc7
15. Ng3 N7f6 16. Ne5 c5 17. c3 Qb6 18. c4 Nb4 19. Bxb4 Qxb4 20. Qc2 Qa5 21. Qb3
Qc7 22. Nf3 cxd4 23. Nxd4 Rac8 24. Rc1 Bc5 25. Nb5 Qe5 26. Qc3 Qxc3 27. Nxc3 Bd4
28. b3 Rfd8 29. Rfd1 Bxc3 30. Rxd8+ Rxd8 31. Rxc3 Rd1+ 32. Nf1 Ne4 33. Rc2 Kf8
34. c5 Ke7 35. c6 bxc6 36. g4 Kd7 37. Kg2 f6 38. Ne3 Rd2 39. a4 Rxc2 40. Nxc2
c5 41. f4 a5 42. Ne3 Nd2 43. Nc4 Nxb3 44. Kf3 f5 45. Ke3 Kc6 46. Kd3 Kd5 47. Nb6+
Kc6 48. Nc4 h6 49. Kc3 Nd4 50. Nxa5+ Kd5 51. Nb7 Ne2+ 52. Kd2 Nxf4 53. a5 Kc6
54. a6 Kb6 55. Nxc5 Nxh3 56. gxf5 exf5 57. Ke3 g5 58. Kf3 g4+ 59. Kg3 h5 60. Ne6
f4+ 61. Kg2 Kxa6 62. Ng7 f3+ 63. Kf1 Nf4 64. Nf5 Kb5 65. Kf2 Kc4 66. Nh4 Nd3+
67. Kf1 Kd4 68. Nf5+ Ke5 69. Ng3 h4 70. Nh5 g3 71. Kg1 Nf4 72. Nxf4 Kxf4 73. Kh1
f2 74. Kg2 h3+ 75. Kf1 h2 76. Kg2 h1=Q+ 77. Kxh1 f1=Q# 78. Kg1 Ke5+ 0-1

[Event "Druzynowe Mistrzostwa Polski Juniorow - I Liga Juniorow 2019"]
[Site "Ustron"]
[Date "1899-12-30"]
[Round "2.18"]
[White "Kieca, Aleksandra"]
[Black "Goraj, Barbara"]
[Result "0-1"]
[WhiteTitle "I"]
[BlackTitle "I++"]
[WhiteElo "1516"]
[BlackElo "1783"]

1. e4 c5 2. Nf3 d6 3. d4 cxd4 4. Nxd4 Nf6 5. Nc3 Nc6 6. Bc4 e6 7. Be3 Be7 8. Qe2
a6 9. Bb3 O-O 10. O-O-O Nxd4 11. Bxd4 b5 12. e5 dxe5 13. Bxe5 Qb6 14. Ne4 Ne8
15. h4 a5 16. Bd4 Qc6 17. a3 a4 18. Ba2 b4 19. axb4 Ba6 20. Qe1 Nc7 21. Nc5 Nb5
22. Be3 a3 23. b3 Bf6 24. Rd3 Rad8 25. Bd2 Bb2+ 26. Kb1 Rxd3 27. cxd3 Rd8 28.
Rh3 Nd4 29. Bc3 Bxc3 30. Qxc3 Qxg2 31. Re3 Qxf2 32. Re1 Bb5 33. h5 h6 34. Rd1
Rd5 35. Ne4 Qf3 36. Rg1 Bxd3+ 37. Ka1 Qxe4 38. Qc8+ Kh7 39. Qf8 Nc2+ 40. Kb1 Nxb4+
41. Kc1 Qe3+ 0-1